MARC

Tag First Indicator Second Indicator Subfields
LEADER 00000cam a2200000 a 4500
001 in00002394913
005 20151109064914.0
008 080111s2008 dcuab b 000 0 eng c
010 |a  2008921799 
020 |a 030911506X (pbk.) 
020 |a 9780309115063 (pbk.) 
020 |a 0309115078 (PDF) 
020 |a 9780309115070 (PDF) 
035 |a (OCoLC)ocn190778059 
040 |a YDXCP  |c YDXCP  |d UDR  |d UPM  |d AGL  |d COD  |d UMC  |d UtOrBLW 
043 |a n-us-ca  |a n-us-or 
049 |a TXAM 
050 0 |a GB705.C2  |b H93 2008 
070 0 |a QL617.73.U6  |b H93 2008 
245 0 0 |a Hydrology, ecology, and fishes of the Klamath River Basin /  |c Committee on Hydrology, Ecology, and Fishes of the Klamath River, Board on Environmental Studies and Toxicology, Water Science and Technology Board, Division on Earth and Life Studies ; National Research Council of the National Academies. 
264 1 |a Washington, D.C. :  |b National Academies Press,  |c [2008] 
264 4 |c ©2008 
300 |a xxii, 249 pages : illustrations (some color), maps (some color) ;  |c 23 cm. 
336 |a text  |b txt  |2 rdacontent 
337 |a unmediated  |b n  |2 rdamedia 
338 |a volume  |b nc  |2 rdacarrier 
504 |a Includes bibliographical references (pages 226-242). 
650 0 |a Hydrology  |z Klamath River Watershed (Or. and Calif.) 
650 0 |a Water quality  |z Klamath River Watershed (Or. and Calif.) 
650 0 |a Rivers  |z Klamath River Watershed (Or. and Calif.)  |x Measurement. 
650 0 |a Stream ecology  |z Klamath River Watershed (Or. and Calif.) 
650 0 |a Rare fishes  |z Klamath River Watershed (Or. and Calif.) 
650 0 |a Fishes  |x Conservation  |z Klamath River Watershed (Or. and Calif.) 
651 0 |a Klamath River Watershed (Or. and Calif.) 
710 2 |a National Research Council (U.S.).  |b Committee on Hydrology, Ecology, and Fishes of the Klamath River. 
710 2 |a National Academies Press (U.S.) 
945 |a PromptCat 
946 |a stk 
947 |a A14836801902 
948 |a cataloged  |b h  |c 2008/6/20  |d c  |e dmitchel  |f 1:30:20 pm 
994 |a 92  |b TXA 
999 |a MARS 
999 f f |s c565b3bd-d376-353c-bfad-a4ae0baf15e5  |i c8823557-2548-3b70-b5f2-fbde4e9e634b  |t 0 
952 f f |p ric  |a Texas A&M University  |b Rellis Campus  |c Joint Library Facility  |d Remote Storage  |t 0  |e GB705.C2 H93 2008  |h Library of Congress classification  |i unmediated -- volume  |m A14836801902 
998 f f |a GB705.C2 H93 2008  |t 0  |l Remote Storage